000 00627cam a2200217 a 4500
001 588762
005 20240130014921.0
008 900706s1989 ii a b 001 0 eng d
020 _a0140109382
040 _aPU
_cDLC
_dDLC
082 _222
_a305.8.
_bSRI.
100 0 _aMohan Ram,
245 1 0 _aSri Lanka :
_bthe fractured island /
_cMohan Ram.
260 _aNew Delhi, India ;
_aNew York, N.Y., U.S.A. :
_bPenguin Books,
_c1989.
300 _a158 p. :
500 _a"A Penguin original"--P. 4 of cover.
500 _aIncludes index.
650 0 _aTamil (Indic people)
650 0 _aSinhalese (Sri Lankan people)
942 _cL
999 _c224
_d224